What's your favorite animal? / Eric Carle and ... Read More
Available copies
- 1 of 3 copies available at LARL/NWRL Consortium.
- 0 of 2 copies available at Lake Agassiz Regional Library. (Show preferred library)
Current holds
1 current hold with 3 total copies.
Show Only Available Copies
| Location | Call Number / Copy Notes | Barcode | Shelving Location | Status | Due Date |
|---|---|---|---|---|---|
| Crookston Public Library | BB E C (Text) | 33500014313225 | Main | In transit | - |
| Halstad LINK Site | BB E C (Text) | 33500014313217 | Main | Checked out | 07/21/2026 |
| Godel Memorial-Warren Library | e WHA (BOARD BOOK) (Text) | 35500005650948 | Main | Available | - |
Record details
- ISBN: 9781627793032
- ISBN: 1627793038
- ISBN: 9781250363213
- ISBN: 1250363217
- Physical Description: 1 volume (unpaged) : color illustrations ; 18 cm
- Edition: First board book edition.
- Publisher: New York, New York : Henry Holt and Company, LLC, 2015.
Content descriptions
| Summary, etc.: | Fourteen children's book artists share their ... Read More |
Search for related items by subject
| Subject: | Animals in art > Juvenile literature. Board books. Animals in art. Board books. |
| LDR | 02358cam a2200505Ii 4500 | ||
|---|---|---|---|
| 001 | 178015 | ||
| 003 | LARL_NWRL_CONSORTIUM | ||
| 005 | 20251222154205.0 | ||
| 008 | 150305r20152014nyua j 000 0 eng d | ||
| 010 | . | ‡a2013018841 | |
| 020 | . | ‡a9781627793032 | |
| 020 | . | ‡a1627793038 | |
| 020 | . | ‡a9781250363213 ‡q(board book) | |
| 020 | . | ‡a1250363217 ‡q(board book) | |
| 035 | . | ‡a(OCoLC)904421099 | |
| 040 | . | ‡aYDXCP ‡beng ‡erda ‡cYDXCP ‡dYOL ‡dCLE ‡dCGP ‡dOCLCO ‡dSINLB ‡dOCLCO ‡dSINLB | |
| 082 | 0 | 4. | ‡a743.6 ‡223 |
| 245 | 0 | 0. | ‡aWhat's your favorite animal? / ‡cEric Carle and friends, Nick Bruel, Lucy Cousins, Susan Jeffers, Steven Kellogg, Jon Klassen, Tom Lichtenheld, Peter McCarty, Chris Raschka, Peter Sís, Lane Smith, Erin Stead, Rosemary Wells, Mo Willems. |
| 246 | 3 | . | ‡aWhat is your favorite animal? |
| 250 | . | ‡aFirst board book edition. | |
| 260 | . | ‡aNew York, New York : ‡bHenry Holt and Company, LLC, ‡c2015. | |
| 300 | . | ‡a1 volume (unpaged) : ‡bcolor illustrations ; ‡c18 cm | |
| 336 | . | ‡atext ‡2rdacontent | |
| 336 | . | ‡astill image ‡2rdacontent | |
| 337 | . | ‡aunmediated ‡2rdamedia | |
| 338 | . | ‡avolume ‡2rdacarrier | |
| 520 | . | ‡aFourteen children's book artists share their favorite animals and why they love them. | |
| 650 | 0. | ‡aAnimals in art ‡vJuvenile literature. ‡0(LARL_NWRL_CONSORTIUM)163446 | |
| 650 | 0. | ‡aBoard books. ‡0(LARL_NWRL_CONSORTIUM)162180 | |
| 650 | 1. | ‡aAnimals in art. ‡0(LARL_NWRL_CONSORTIUM)13567 | |
| 650 | 1. | ‡aBoard books. ‡0(LARL_NWRL_CONSORTIUM)162180 | |
| 700 | 1 | . | ‡aCarle, Eric, ‡eauthor, ‡eillustrator. ‡0(LARL_NWRL_CONSORTIUM)3951 |
| 700 | 1 | . | ‡aBruel, Nick, ‡eauthor, ‡eillustrator. ‡0(LARL_NWRL_CONSORTIUM)190926 |
| 700 | 1 | . | ‡aCousins, Lucy, ‡eauthor, ‡eillustrator. ‡0(LARL_NWRL_CONSORTIUM)98173 |
| 700 | 1 | . | ‡aJeffers, Susan, ‡eauthor, ‡eillustrator. ‡0(LARL_NWRL_CONSORTIUM)56522 |
| 700 | 1 | . | ‡aKellogg, Steven, ‡eauthor, ‡eillustrator. ‡0(LARL_NWRL_CONSORTIUM)54889 |
| 700 | 1 | . | ‡aKlassen, Jon, ‡eauthor, ‡eillustrator. ‡0(LARL_NWRL_CONSORTIUM)224876 |
| 700 | 1 | . | ‡aLichtenheld, Tom, ‡eauthor, ‡eillustrator. ‡0(LARL_NWRL_CONSORTIUM)129493 |
| 700 | 1 | . | ‡aMcCarty, Peter, ‡eauthor, ‡eillustrator. ‡0(LARL_NWRL_CONSORTIUM)116939 |
| 700 | 1 | . | ‡aRaschka, Christopher, ‡eauthor, ‡eillustrator. ‡0(LARL_NWRL_CONSORTIUM)101644 |
| 700 | 1 | . | ‡aSís, Peter, ‡d1949- ‡eauthor, ‡eillustrator. ‡0(LARL_NWRL_CONSORTIUM)77483 |
| 901 | . | ‡a178015 ‡bOCLC ‡c178015 ‡tbiblio | |

Add to basket
Permalink
Disable Highlighting